000 01134nam a2200313 a 4500
001 000109680
003 CHAP
005 20220329144059.0
008 140520s2014 mx sm |||||||spa d
010 _a106142
011 _a107114
040 _cCHAP
090 _aTesis
100 1 _aSalomón Guzmán, Elí Gaiska
_9126940
245 1 0 _aCaracterización del Disrito de temporal tecnificado 017 Tapachula
_h[En línea]
_cpor Elí Gaiska Salomón Guzmán.
260 _aChapingo, Méx. :
_bEl autor,
_c2014.
500 _aPara ver el contenido del material haga clic en la liga
502 _aTesis (Ing. Agr. Esp. en Irrigación ) -- UACH. Departamento de Irrigación
590 _aBATCH-UPD
_b05
_c20141002
_lUCH01
_h0904
590 _aE5765TAJ
_b05
_c20140520
_lUCH01
_h0927
590 _aE5765TAJ
_b05
_c20140520
_lUCH01
_h0927
650 1 4 _aAgricultura
_xAspectos económicos
_xChiapas
_91224
650 1 4 _aDistrito de Temporal
_zTapachula, Chis.
_9126939
650 1 4 _aSuelos
_xChiapas.
_9110236
856 _aFinding aid
_uhttp://10.13.5.2/tesis/sist109680.pdf
_zTeclea aquí
901 _aBK
942 _cTESIS
942 _n0
999 _c106142
_d106142